000
003120000a22001450004500
001
005599
003
MACL
040
_a
MACL
090
_c
17592
_d
17591
245
_a
Sabaa Asraar
_b
Masoomk Shah Mohd
260
_a
Matba Noor ul Afaq Calcutta
350
_a
1.50
650
_a
Urdu Literature
942
_k
891
_c
Book
999
_c
17481
_d
17481